000 00670nam a2200241Ia 4500
003 OSt
005 20220912151339.0
006 a|||||r|||| 00| 0
007 ta
008 220909b |||||||| |||| 00| 0 eng d
024 _a20935
037 _cTextual
040 _aCSL
_beng
_cCSL
041 _aeng
082 _aB281v, L7.2
100 _aKendall Maurice Ed.
245 0 _aStudies in the history of statistics and probability
260 _aLondon
_bCharles Griffin
_c1977
300 _aix, 582p.
_ccm.
700 _a Plackett R L Ed.
942 _hB281v, L7.2
_cTEXL
_2CC
999 _c66591
_d66591